000 00614nam a2200157 4500
999 _c15958
_d15958
008 210125b ||||| |||| 00| 0 eng d
022 _a0732-8435
082 _aDPer 657.05 C33 Feb - Aug 2012, v. 82
100 _aVanZante, Neal R.
_942817
245 _aSenior citizens and the 'Marriage Tax' on social security benefits/
_cNeal R. VanZante and Ralph B. Fritzsch.
260 _aNew York:
_bThe New York State Society of CPA,
_c©2012.
300 _av82 n2, pages 54-56:
_bcolor illustration;
_c28 cm.
650 _aPlanning
_xFinancial.
_942818
700 _aFritzsch, R. B.
_eAuthor.
_942819
942 _2ddc
_cPER